[Event "GER-chT U16 Girls"]
[Site "Magdeburg"]
[Date "2023.12.28"]
[Round "3.8"]
[White "Schmidt, Emelie"]
[Black "Grigoryan, Nare"]
[Result "0-1"]
[WhiteElo "1189"]
[BlackElo "1341"]
[PlyCount "62"]
[EventDate "2023.12.26"]
[EventType "team-swiss"]
[EventRounds "7"]
[EventCountry "GER"]
[SourceTitle "CB03_2024"]
[SourceDate "2024.01.17"]
[SourceVersion "1"]
[SourceVersionDate "2024.01.17"]
[SourceQuality "1"]
[WhiteTeam "Stuttgart Wolfbusch"]
[BlackTeam "Weisse Dame"]
[WhiteTeamCountry "GER"]
[BlackTeamCountry "GER"]

1. d4 d5 2. Nf3 c5 3. dxc5 e6 4. Bf4 Bxc5 5. Nc3 Qb6 6. e3 Qxb2 7. Be5 Bb4 8. Rb1 Bxc3+ 9. Nd2 Bxd2+ 10. Kxd2 Qxe5 11. Ke1 Nf6 12. Bb5+ Bd7 13. Bxd7+ Nbxd7 14. Rxb7 Nb6 15. Qb1 Qc3+ 16. Ke2 Qc6 17. Rxb6 Qxb6 18. Qxb6 axb6 19. Rb1 Rxa2 20. Rxb6 Kd7 21. Kd3 Rc8 22. Rb7+ Rc7 23. Rxc7+ Kxc7 24. f4 Kd6 25. h3 e5 26. fxe5+ Kxe5 27. g3 Ne4 28. g4 Nf2+ 29. Kd2 Nxh3 30. Kc3 Ra3+ 31. Kd2 Ke4 0-1

[Event "GER-chT U16 Girls"]
[Site "Magdeburg"]
[Date "2023.12.27"]
[Round "2.6"]
[White "Grigoryan, Nare"]
[Black "Fock, Madiha"]
[Result "1-0"]
[WhiteElo "1341"]
[BlackElo "1697"]
[PlyCount "37"]
[EventDate "2023.12.26"]
[EventType "team-swiss"]
[EventRounds "7"]
[EventCountry "GER"]
[SourceTitle "CB03_2024"]
[SourceDate "2024.01.17"]
[SourceVersion "1"]
[SourceVersionDate "2024.01.17"]
[SourceQuality "1"]
[WhiteTeam "Weisse Dame"]
[BlackTeam "Oberschoeneweide"]
[WhiteTeamCountry "GER"]
[BlackTeamCountry "GER"]

1. e4 c5 2. Nf3 d6 3. Bb5+ Nd7 4. d4 cxd4 5. Qxd4 a6 6. Bc4 e6 7. Nc3 b5 8. Bb3 Nc5 9. Be3 Nf6 10. e5 Nxb3 11. axb3 b4 12. exf6 e5 13. Qxb4 d5 14. Bc5 gxf6 15. Bxf8 Rxf8 16. Nb5 Qd7 17. Nd6+ Kd8 18. Nxc8 Rxc8 19. Qxf8+ 1-0

[Event "GER-chT U16 Girls"]
[Site "Magdeburg"]
[Date "2023.12.27"]
[Round "1.1"]
[White "Moldovan, Stela"]
[Black "Grigoryan, Nare"]
[Result "0-1"]
[WhiteElo "1573"]
[BlackElo "1341"]
[PlyCount "96"]
[EventDate "2023.12.26"]
[EventType "team-swiss"]
[EventRounds "7"]
[EventCountry "GER"]
[SourceTitle "CB03_2024"]
[SourceDate "2024.01.17"]
[SourceVersion "1"]
[SourceVersionDate "2024.01.17"]
[SourceQuality "1"]
[WhiteTeam "Hohentuebingen"]
[BlackTeam "Weisse Dame"]
[WhiteTeamCountry "GER"]
[BlackTeamCountry "GER"]

1. d4 d5 2. Nf3 Nf6 3. e3 Bf5 4. Bd3 Bxd3 5. Qxd3 e6 6. Qb5+ Nc6 7. Qxb7 Nb4 8. Qb5+ Qd7 9. Qe2 Bd6 10. a3 Nc6 11. b3 0-0 12. Bb2 Rfe8 13. Ne5 Bxe5 14. dxe5 Ne4 15. f3 Nc5 16. Bd4 Nxd4 17. exd4 Nb7 18. 0-0 c5 19. c3 cxd4 20. cxd4 Na5 21. Nd2 Qc7 22. b4 Nc6 23. Nb3 Qb6 24. Rfd1 Rec8 25. Nc5 a5 26. Na4 Qa7 27. Nc5 axb4 28. axb4 Qxa1 29. Rxa1 Rxa1+ 30. Kf2 Nxb4 31. Kg3 Nc6 32. Qb2 Raa8 33. Qd2 Nxe5 34. Qg5 Ng6 35. h4 h6 36. Qg4 Ne7 37. Nd7 Nf5+ 38. Kh3 Rc4 39. Nb6 Rxd4 40. Qxd4 Nxd4 41. Nxa8 Kf8 42. f4 Ke7 43. Kg3 Kd6 44. Nb6 e5 45. fxe5+ Kxe5 46. Kf2 Ke4 47. Nd7 Nf5 48. h5 Kd3 0-1

[Event "GER-chT U16 Girls"]
[Site "Neumuenster"]
[Date "2022.12.28"]
[Round "4"]
[White "Neininger, Sarah"]
[Black "Grigoryan, Nare"]
[Result "1-0"]
[WhiteElo "1442"]
[BlackElo "1406"]
[PlyCount "53"]
[EventDate "2022.12.26"]
[EventType "team-swiss"]
[EventRounds "7"]
[EventCountry "GER"]
[SourceTitle "CBM 212 Extra"]
[Source "ChessBase"]
[SourceDate "2023.03.31"]
[SourceVersion "1"]
[SourceVersionDate "2023.03.31"]
[SourceQuality "1"]
[WhiteTeam "Offenbach"]
[BlackTeam "Weisse Dame"]
[WhiteTeamCountry "GER"]
[BlackTeamCountry "GER"]

1. e4 e5 2. Nf3 Nc6 3. Bb5 a6 4. Ba4 b5 5. Bb3 Nf6 6. 0-0 Bc5 7. Nxe5 Nxe5 8. d4 Bxd4 9. Qxd4 Nc6 10. Qe3 0-0 11. Nc3 Re8 12. Re1 Ng4 13. Qg3 Nce5 14. h3 Nf6 15. Bg5 d6 16. Nd5 Ned7 17. Nxf6+ Nxf6 18. Bd5 Rb8 19. Rad1 Qe7 20. f4 Be6 21. Bc6 Rf8 22. f5 Bc8 23. e5 Nh5 24. Bxe7 Nxg3 25. Bxf8 Kxf8 26. exd6 Bxf5 27. d7 1-0

[Event "GER-chT U16 Girls"]
[Site "Neumuenster"]
[Date "2022.12.27"]
[Round "2"]
[White "Leuchsenring, Delia"]
[Black "Grigoryan, Nare"]
[Result "0-1"]
[WhiteElo "1063"]
[BlackElo "1406"]
[PlyCount "102"]
[EventDate "2022.12.26"]
[EventType "team-swiss"]
[EventRounds "7"]
[EventCountry "GER"]
[SourceTitle "CBM 212 Extra"]
[Source "ChessBase"]
[SourceDate "2023.03.31"]
[SourceVersion "1"]
[SourceVersionDate "2023.03.31"]
[SourceQuality "1"]
[WhiteTeam "Oberkotzau"]
[BlackTeam "Weisse Dame"]
[WhiteTeamCountry "GER"]
[BlackTeamCountry "GER"]

1. e4 e5 2. Nf3 Nc6 3. d4 exd4 4. Nxd4 Nf6 5. Nxc6 dxc6 6. Qxd8+ Kxd8 7. Nc3 Bb4 8. Bg5 Re8 9. 0-0-0+ Bd7 10. f3 h6 11. Bd2 a5 12. a3 Bc5 13. Bc4 Re7 14. Ne2 b5 15. Ba2 b4 16. a4 Ke8 17. Bf4 Bb6 18. h4 c5 19. Bb3 c4 20. Bxc4 Bxa4 21. b3 Bd7 22. Nd4 Kf8 23. Rd2 a4 24. Nb5 Bxb5 25. Bxb5 a3 26. Kb1 Ne8 27. Rhd1 c5 28. Bc4 Raa7 29. g3 Bc7 30. Be3 a2+ 31. Ka1 Be5+ 32. Bd4 Bxd4+ 33. Rxd4 cxd4 34. Rxd4 Red7 35. Rxd7 Rxd7 36. Kxa2 Rd2 37. Kb2 Rf2 38. f4 Rf3 39. g4 Rxf4 40. c3 bxc3+ 41. Kxc3 Rxe4 42. b4 Nd6 43. Bd3 Re3 44. Kd4 Rg3 45. Kd5 Rxg4 46. Kxd6 Rd4+ 47. Kc5 Rxd3 48. b5 f5 49. b6 Rb3 50. Kc6 Rxb6+ 51. Kxb6 f4 0-1